000 00970nam a2200253 a 4500
001 82073
003 BD-RjUL
005 20231009184636.0
008 231009s2013 bg ||||| m||| 00| 0 eng d
035 _a(BD-RjUL)82073
040 _aBD-RjUL
_beng
_cBD-RjUL
_dBD-RjUL
041 _aeng
082 _223
_a519.85
_bISS 2013
100 _aIslam, Md. Saiful
245 1 0 _aStability Analysis of Some Mathematical Models of Epidemics /
_cMd. Saiful Islam
_6Supervisor : Md. Asaduzzaman Co-Supervisor : Md. Nazrul Islam Mondal
260 _aRajshahi :
_bDepartment of Mathematics,University of Rajshahi
_c2013
300 _a[1], xii, 129 leaves ;
_c29 cm.
502 _aThesis(M.Phil.)-- Department of Mathematics,University of Rajshahi,2013
504 _aBibliography : Leaves 118-129
650 _aEpidemics
_xMathematical Models
_99436
700 _aAsaduzzaman, Md. Supervisor
_99437
700 _aMondal, Md. Nazrul Islam, Co-Supervisor
_99367
942 _2ddc
_cTHE
999 _c82073
_d82073